Varsinais-Suomen maakunnan kuntien vaakunat - Statistics

Yleistilastot
  • Tätä visaa on pelattu 150 kertaa
  • Keskiarvotulos 40 / 71
Vastaustilastot
Kuvavisa Vastaus % Oikein
Kaarina (2009–) / Piikkiö
86%
Aura
85%
Kaarina (–2008)
85%
Turku
85%
Naantali
84%
Salo (2009–) / Halikko
80%
Masku (2009–) / Askainen
79%
Laitila
78%
Raisio
78%
Salo (–2008)
78%
Masku (–2008)
77%
Parainen (Länsi-Turunmaa) (2009–) / Nauvo
76%
Uusikaupunki
76%
Loimaa (–2004)
75%
Loimaa (2005–) / Loimaan kunta (Loimaan mlk)
75%
Oripää
75%
Mynämäki (2007–) / Mietoinen
74%
Kemiö
73%
Kemiönsaari / Dragsfjärd
73%
Koski Tl
73%
Lieto
73%
Mynämäki (–2006)
73%
Kustavi
71%
Parainen (–2008)
71%
Paimio
69%
Marttila
66%
Taivassalo
65%
Rusko (2009–) / Vahto
64%
Nousiainen
61%
Rusko (–2008)
61%
Sauvo
61%
Somero
61%
Vehmaa
61%
Pyhäranta
56%
Pöytyä
55%
Korppoo
54%
Iniö
53%
Kakskerta
53%
Merimasku
52%
Alastaro
51%
Houtskari
50%
Kalanti
46%
Lemu
46%
Maaria
46%
Hiittinen
44%
Paattinen
44%
Karjala
43%
Kisko
42%
Angelniemi
40%
Karuna
40%
Kuusjoki
40%
Kiikala
39%
Perniö
39%
Karinainen
38%
Mellilä
38%
Naantalin mlk
38%
Rymättylä
38%
Velkua
38%
Muurla
36%
Pertteli
36%
Lokalahti
35%
Tarvasjoki
34%
Pyhämaa
33%
Suomusjärvi
33%
Metsämaa
32%
Paraisten mlk
30%
Somerniemi
30%
Västanfjärd
29%
Särkisalo
27%
Yläne
27%
Uskela
25%
Ehtoja vastaavia visoja ei löytynyt
Tulosjakauma
Jokaisen tuloksen saaneiden osuus
Persentiili vastausten määrän mukaan
Tuloshistoriasi
Et ole pelannut tätä visaa